The Hamilton-Jacobi equation : a global approach

Αποθηκεύτηκε σε:
Λεπτομέρειες βιβλιογραφικής εγγραφής
Κύριος συγγραφέας: Benton, Stanley H.
Μορφή: Βιβλίο
Γλώσσα:English
Δημοσίευση: New York : Academic Press, 1977
Σειρά:Mathematics in science and engineering ; ; 131
Θέματα:
Ετικέτες: Προσθήκη ετικέτας
Δεν υπάρχουν, Καταχωρήστε ετικέτα πρώτοι!

MARC

LEADER 00000cam a2200000 i 4500
001 1/59747
008 941103s1977 eng d
020 |a 0120893509 
035 |l 10046131 
040 |a GR-MY-UA  |b gre  |e aacr 
041 0 |a eng 
082 0 |a 515.35 
100 1 |a Benton, Stanley H. 
245 1 4 |a The Hamilton-Jacobi equation :  |b a global approach /  |c Stanley H. Benton, Jr 
260 |a New York :   |b Academic Press,   |c 1977 
300 |a xi, 147 p.;  |c 24 cm 
490 1 |a Mathematics in science and engineering  |v ; 131 
500 |a Includes index 
504 |a Bibliography: p. 133-143 
650 0 0 |a Hamilton-Jacobi equations. 
830 0 |a Mathematics in science and engineering ;  |v ; 131 
852 |a INST  |b SAMOS  |e 19941103  |h 515.35 BEN  |p 005300001457  |q 005300001457  |t BK  |y 0 
909 |a Σ  |b 009714